Origami Birds Quiz Stats

 Plays Quiz Updated May 29, 2015

Also try: Origami Animals
Challenge
Share
Tweet
Score 0/18 Timer 03:00
8 Plays Today
Hint Bird % Correct
Swan
98.2%
Owl
97.6%
Penguin
97.5%
Flamingo
96.9%
Rooster
95.5%
Peacock
94.7%
Ostrich
94.5%
Pelican
90.8%
Eagle
89.7%
Hint Bird % Correct
Hummingbird
88.1%
Goose
84.1%
Cardinal
83.1%
Robin
80.7%
Egret
78.4%
Turkey
78.3%
Crow
77.7%
Blue Jay
76.4%
Parrot
52.2%

You're not logged in!

Compare scores with friends on all Sporcle quizzes.
OR
Log In

You Might Also Like...

Show Comments

Extras

Top Quizzes Today


Score Distribution

Your Account Isn't Verified!

In order to create a playlist on Sporcle, you need to verify the email address you used during registration. Go to your Sporcle Settings to finish the process.

Report this User

Report this user for behavior that violates our Community Guidelines.

Details: